[Event "Najdorf Memorial Great fin"]
[Site "Buenos Aires"]
[Date "2000.09.11"]
[Round "2.1"]
[White "Giaccio, Alfredo Gustavo"]
[Black "Pereyra Arcija, Diego"]
[Result "1-0"]
[WhiteElo "2505"]
[BlackElo "2417"]
[Annotator "Finkel,A"]
[PlyCount "69"]
[EventDate "2000.09.09"]
[EventType "k.o."]
[EventRounds "4"]
[EventCountry "ARG"]
[SourceTitle "CBM 079"]
[Source "ChessBase"]
[SourceDate "2000.11.21"]
[SourceVersion "1"]
[SourceVersionDate "2000.11.21"]
[SourceQuality "1"]

1. e4 e6 2. d4 d5 3. Nc3 Nf6 4. Bg5 dxe4 5. Nxe4 Be7 6. Bxf6 gxf6 7. Nf3 f5 $5
{After this move the character of the game becomes quiete different from the
main line.Sharp tactical struggle-that's the discription of arising variation.}
8. Nc3 Bf6 9. Qd2 c5 10. d5 (10. dxc5 Qxd2+ 11. Kxd2 $6 O-O 12. Rd1 Rd8+ 13.
Kc1 Rxd1+ 14. Nxd1 Nd7 15. Bc4 Nxc5 16. Re1 a6 $15 {Jakovenko,D-Kiriakov,P/
RUS-Cup01 Chigorin mem 1997 (59)}) 10... O-O (10... exd5 $6 11. Qe3+ $1 Be6 12.
Qxc5 $16 {Arnason-Skembris/Thessaloniki ol/1988/ED Französisch/i46} (12. Qxc5
Nd7 13. Bb5 Rc8 14. Qe3 O-O 15. O-O a6 16. Bxd7 Qxd7 17. Nd4 Qd6 18. Nce2 Kh8
19. Rad1 $14 {Arnason,J-Bjarnason,S/Reykjavik 1989 (37)})) (10... e5 $5) (10...
e5 11. h4 $5 e4 12. Ng5 h6 13. Nh3 Bxh4 14. Qf4 Bf6 15. O-O-O Qe7 16. Bb5+ $40
{Hoffmann,H-Broberg,H/Leipzig VfB op 1996 (44)}) 11. O-O-O e5 (11... Bg7 12.
Qe3 Qb6 13. Ne5 exd5 14. Nxd5 Qe6 15. f4 Nd7 16. Nc4 Nf6 17. Nc7 Qxe3+ 18. Nxe3
Rb8 19. Bd3 Ng4 $132 {Landenbergue,C-Luther,T/Ptuj zt 1995 (48)}) 12. h4 (12.
Kb1 $5 Nd7 13. g4 $5 e4 $8 (13... fxg4 $6 14. Rg1 Nb6 15. h3 Bg7 16. hxg4 Qf6
17. Ng5 $1 $36) 14. Ng1 ({Deserved attention also} 14. Ne1 $5 fxg4 15. Nxe4 Bg7
16. h3 f5 17. Ng5 Qf6 18. c3 $14 {and white is slightly better.}) 14... fxg4
15. Nxe4 Bg7 16. h3 Qb6 17. c3 $14 {Saulin,D-Kiriakov,P/RUS-Cup03 (Geller mem)
1999}) 12... Nd7 (12... Bg7 13. Kb1 (13. d6 e4 $5 $146 (13... Be6 {- 54/267}) (
13... Be6 14. Ng5 Nc6 15. g4 Nd4 16. gxf5 Bxf5 17. Bd3 $14 {Klovans,J-Dizdar,G/
Groningen op 1991 (34)}) 14. Ng5 Nd7 (14... Qf6 15. Nh3 {(/\ Nf4)} Qxh4 $6 16.
Kb1 $40) 15. f3 $1 h6 16. Nd5 Re8 $132 {Vokarev,S-Kiriakov,P/Moscow 75/271 1999
}) 13... Nd7 14. Be2 b5 $13 {Vujakovic-G.Dizdar/JUG-chT/1989/TD 7/89}) (12...
a6 13. Qe3 Qd6 14. g4 e4 15. Nd2 Bd4 16. Qg5+ Qg6 17. gxf5 Qxg5 18. hxg5 $16 {
Sivokho,S-Tuturin,S/White Nights op 2000}) 13. Ng5 {This move seems to be the
new one,but the idea behind it is quiet similiar to whatwe have already met in
tournament practice:} (13. d6 $1 $14 Nb6 14. Qe3 (14. Ng5 h6 (14... Bg7 15. Qe3
h6 16. Nf3 Qf6 17. Qxc5 Rd8 (17... Qd8 18. Nb5 Bd7 19. Nd2 {1/2-1/2 Blehm,
P-Herraiz Lopez,H/World Junior Ch 1998}) 18. Bb5 e4 19. Nd2 Rxd6 $15 {Kamble,
V-Herraiz Lopez,H/World Junior Ch 1998}) 15. Nh3 Bg7 16. Qe3 Qxh4 17. g3 Qb4
18. a3 Qa5 19. Ng1 Be6 20. Nf3 c4 $13 {Kutuzovic,B-Dizdar,G/CRO-chT 1994})
14... e4 15. Ng5 Bd7 (15... Bd4 $6 16. Qg3 Kh8 17. Nb5 $16) 16. g4 $5 (16. f4
$5) 16... Bd4 17. Rxd4 cxd4 18. Qxd4 $44 {Lau,R-Sakaev,K/Dortmund-C 1991})
13... h6 14. Nh3 Bg7 15. f3 Qa5 (15... Qxh4 $5 16. Kb1 (16. Bd3 Nb6 $13) (16.
g4 Nf6 17. Nf2 Qg5 18. Qxg5 hxg5 19. gxf5 Bxf5 20. Bh3 $14) 16... Nb6 17. g4
fxg4 18. Nf2 Qg5 19. Qxg5 hxg5 20. fxg4 $14) 16. Kb1 Rb8 $6 (16... Nf6) 17. g4
$1 $36 {[%csl Ge4] Very logical and strong move.} fxg4 (17... b5 18. gxf5 b4
19. Ne4 $16) 18. fxg4 Nb6 19. Nf2 Qb4 20. g5 Qf4 (20... h5 21. Qe2 e4 22. a3
Qa5 23. Ncxe4 $16) 21. Qe1 $1 e4 $5 {Othewise white's attack is too dangerous.}
(21... hxg5 22. hxg5 Qxg5 23. Nfe4 Qd8 24. Qg3 Bf5 25. Be2 $18 {[%cal Gd1g1,
Ge2h5]}) 22. Nfxe4 Bf5 23. Bd3 (23. gxh6 Bd4 24. Qg3+ Qxg3 25. Nxg3 Bh7 26.
Nge2 $16) 23... Bxe4 (23... c4 24. Rf1 Qe5 25. Rxf5 $18) 24. Nxe4 (24. Qxe4
Qxe4 25. Nxe4 Nxd5 26. Nxc5 $16) 24... Nxd5 25. Rf1 (25. gxh6 Qxh6 26. Nxc5 Qb6
27. Nb3) 25... Qe5 26. Nf6+ $6 {Losing a great deal of advantage.} (26. c3 $16)
26... Bxf6 27. gxf6 Qxe1 (27... Rfe8 28. Rg1+ Kh8 29. Rg8+ $3 $18 {[%cal Ge1g1,
Gg1g7]}) 28. Rdxe1 {[%csl Rg8]} Rfe8 29. Be4 Rbd8 30. c4 Nb4 $6 (30... Nb6 31.
Rg1+ (31. b3 Rd6 32. Bxb7 Rxe1+ 33. Rxe1 Rxf6 $132) 31... Kf8 32. Bxb7 Nxc4 33.
Bc6 Rxe1+ 34. Rxe1 $14) 31. a3 Nd3 $2 {Helping white to carry out what he
planed.} (31... Nc6) 32. Re3 $18 Ne5 33. Rg3+ Kf8 $6 (33... Kh8 34. Rg7 Ng6 35.
Bxg6 fxg6 36. Rxg6 $18) 34. Bh7 Ng6 35. h5 1-0

[Event "Berkeley East Bay CC"]
[Site "Berkeley"]
[Date "2005.04.02"]
[Round "6"]
[White "Roussel Roozmon, Thomas"]
[Black "Sharavdorj, Dashzeveg"]
[Result "1-0"]
[WhiteElo "2425"]
[BlackElo "2453"]
[Annotator "Finkel,A"]
[PlyCount "71"]
[EventDate "2005.03.29"]
[EventType "tourn"]
[EventRounds "10"]
[EventCountry "USA"]
[EventCategory "9"]
[SourceTitle "CBM 107"]
[Source "ChessBase"]
[SourceDate "2005.08.01"]
[SourceVersion "1"]
[SourceVersionDate "2005.08.01"]
[SourceQuality "1"]

1. e4 e6 2. d4 d5 3. Nc3 Nf6 4. Bg5 dxe4 5. Nxe4 Be7 6. Bxf6 Bxf6 7. Nf3 O-O 8.
Qd2 Nd7 9. O-O-O Be7 10. Bd3 b6 (10... c5) 11. h4 Bb7 {As I stated in my
comments to the game Djukic-Kovacevic,2005 12.Qf4 isn't considered to be
dangerous for Black.} 12. Qf4 (12. c3 c5 13. Neg5 $5 (13. dxc5 Qc7 $5 14. Qc2 (
14. Neg5 Nf6 15. Qe2 Qf4+ $1 16. Kb1 Bxc5 17. g3 Bxf3 18. Nxf3 Qc7 19. Rhe1 $14
) 14... h6 15. cxb6 axb6 16. Kb1 Ra5 17. Ned2 Rfa8 18. a3 Nc5 $44 {Solozhenkin,
E-Dizdar,G/Paris 1996}) 13... h6 (13... Nf6 14. Qc2 g6 15. h5 $1 Nxh5 $5 16.
Nxe6 $1 $36 {Ivanchuk,V-Radjabov,T/Moscow 2002}) 14. Bh7+ Kh8 15. Bc2 Bxf3 16.
Nxf3 Nf6 17. Kb1 Qc7 18. Qe2 cxd4 19. Nxd4 h5 $11 {Anand,V-Bareev,E/Monte
Carlo 2003}) (12. Neg5 $5 Nf6 13. c3 Bxf3 14. gxf3 c5 15. dxc5 Qc7 16. Kb1 bxc5
17. Rdg1 Rfd8 $132 {Anand,V-Bareev,E/2004}) 12... Nf6 13. Neg5 Qd6 {This is
another satisfactory continuation for black in addition to 13...B:f3!?.} (13...
Bxf3 14. Nxf3 Qd6 (14... Bd6 15. Ne5 c5 16. g4 Qc7 17. g5 Nd5 18. Qe4 f5 19.
gxf6 Nxf6 20. Qe2 cxd4 $15 {Phillips,G-Guido,A/Argentina 1997}) 15. Ne5 c5 (
15... Nd5 16. Qe4 Nf6 17. Qe2 c6 18. g4 Rac8 19. g5 Nd5 20. Rdg1 $36 {Voigt,
M-Peters,C/Hamburg 1992}) 16. g4 (16. dxc5 Qxc5 17. Rhe1 (17. g4 Bd6 18. Rhe1
Nd5 19. Qe4 Nf6 20. Qf4 Nd5 21. Qe4 Nf6 22. Qf4 {1/2-1/2 Agopov,M-Blauert,J/
Helsinki 2001}) 17... Rac8 (17... Rad8 18. Qf3 Rd5 19. Qe2 b5 20. f4 a6 21. g3
g6 22. Kb1 Rfd8 $13 {Minasian,A-Tukmakov,V/Lvov 1990}) (17... Bd6 18. Qg3 Rac8
19. f4 Rfd8 20. Qf3 Rc7 21. Kb1 a5 22. c4 Rcc8 $13 {Jensen,I-Boel,V/Denmark
1989}) 18. Kb1 (18. g4 Rfd8 19. Qf3 Bd6 20. Nc4 b5 21. Nxd6 Rxd6 22. Re2 Nd5
$132 {Zelic,M-Dizdar,G/Zadar 1996}) 18... Rfd8 19. g4 Bd6 20. g5 Bxe5 21. Qxe5
Qxe5 {1/2-1/2 Nunn,J-Gurevich,M/Belgrade 1991}) 16... cxd4 17. g5 Nh5 18. Qe4
g6 19. Be2 f6 20. Nc6 Rac8 21. Nxe7+ Qxe7 22. Bxh5 gxh5 23. g6 $36 {Djukic,
N-Kovacevic,A/Kopaonik 2005}) (13... Bd6 14. Ne5 Qe7 15. Rh3 c5 16. h5 $6 cxd4
17. Rg3 Rad8 18. Rh1 Bxe5 19. Qxe5 Qd6 $19 {Schwarz,H-Fiedler,N/DDR 1987}) (
13... h6 14. Kb1 $5 (14. Ne4 Nxe4 15. Bxe4 Bxe4 16. Qxe4 Qd5 17. Qxd5 exd5 18.
Ne5 Rfe8 $11 {Landenbergue,C-Arnold,L/Freiburg 1993}) 14... Bxf3 15. gxf3 Nd5
16. Qg3 Bxg5 17. hxg5 Qxg5 18. Qxg5 hxg5 19. Bh7+ Kh8 20. c4 Nf4 21. Be4+ Kg8
22. Bxa8 Rxa8 23. Kc2 $14 {Luco,A-Fournier,T/Le Touquet 1992}) 14. Ne5 Rad8 (
14... a5 $6 15. Rh3 Ba6 16. Bxh7+ $1 Nxh7 17. Ngxf7 Qxe5 18. Nh6+ gxh6 19. Qxe5
Bd6 20. Rg3+ {1-0 Arakhamia Grant,K-Reefat,B/Edinburgh 2003}) 15. Kb1 (15. Rh3
$5 c5 (15... h6 16. g4 $5 c5 17. Ngxf7 $1 Qxd4 18. Qxd4 Rxd4 19. g5 $16 {
Guliev,L-Gouliev,N/Baku 2001}) (15... g6 $5) 16. dxc5 (16. Rg3 $6 Qxd4 17.
Bxh7+ Nxh7 18. Rxd4 Rxd4 19. Qe3 Nxg5 20. hxg5 Re4 21. Qc3 Bd6 $17 {Sax,
G-Ehlvest,J/Rotterdam 1989}) 16... Qxc5 17. Rg3 g6 18. Nxe6 fxe6 19. Bxg6 Rxd1+
20. Kxd1 Kh8 21. Bd3 $18 {[%cal Gf4h6] Peli,G-Rubinchik,L/ICCF corr 1991})
15... h6 (15... a5 16. Qg3 c5 17. f4 cxd4 18. Ng4 Nh5 19. Bxh7+ Kh8 20. Qh2
Qxf4 $19 {Nuber,R-Hausdorf,H/Germany 1996}) 16. f3 $6 {A useless move, since
White will have to play f4 later on.} (16. Qg3 c5 17. dxc5 Qxc5 18. f4 b5 $13)
16... c5 17. dxc5 Qxc5 18. Qg3 Bd6 19. f4 Bxe5 $2 {A very bad decision after
which Black has to defend until the end of the game.} (19... Qc7 $5 $15) 20.
fxe5 $36 Qc7 (20... Nd7 21. Rde1 (21. Nh7 Qxe5 22. Qxe5 Nxe5 23. Nxf8 Kxf8 24.
Rhg1 g5 25. hxg5 hxg5 26. Be2 Rc8 $11) 21... Kh8 (21... hxg5 22. hxg5 (22. Bh7+
$6 Kxh7 23. hxg5+ Kg6 24. Rh6+ gxh6 25. gxh6+ Kf5 26. Qh3+ Kg5 $11) 22... Rfe8
23. g6 fxg6 24. Bxg6 $18) 22. Rhf1 Qe7 23. Qf4 $36) 21. Rdf1 Kh8 22. Nxf7+ $1
Qxf7 23. exf6 gxf6 24. Qe3 Kg7 (24... Qg7 25. Rhg1 (25. Qxe6 $2 Bxg2 26. Rhg1
Rfe8 27. Qxf6 (27. Qf5 Bxf1 28. Qxf1 Qe7 $15) 27... Re1+ $1 28. Rxe1 Qxf6 29.
Rxg2 Qxh4 30. Rge2 Rg8 31. a3 $44) 25... Rd6 26. g4 Rfd8 27. g5 $40) 25. Qg3+
Kh8 26. Qe3 Qg7 (26... Kg7 27. Rhg1 Qe7 28. g4 Rd5 29. Qe4 $16) 27. Rhg1 $1 {
[%cal Gg2g5] Black's king feels very uncomfortable on h8 after this move.} e5
28. g4 e4 29. Bc4 Rde8 (29... Rd6 $5 {[%csl Gh6][%cal Gf8d8]}) 30. Rf5 $1 {
[%cal Gf5h5]} Re5 31. Rh5 $1 $18 Kh7 (31... Rxh5 32. gxh5 Qh7 33. Rg6 $18) 32.
g5 fxg5 33. hxg5 Rf3 34. g6+ Qxg6 35. Qxh6+ $1 Qxh6 36. Bg8+ 1-0

[Event "EU-Cup 21st"]
[Site "Saint Vincent"]
[Date "2005.09.23"]
[Round "6.2"]
[White "Ivanchuk, Vassily"]
[Black "Volkov, Sergey"]
[Result "1-0"]
[WhiteElo "2752"]
[BlackElo "2622"]
[Annotator "Finkel,A"]
[PlyCount "81"]
[EventDate "2005.09.18"]
[EventType "team-swiss"]
[EventRounds "7"]
[EventCountry "ITA"]
[SourceTitle "CBM 110"]
[Source "ChessBase"]
[SourceDate "2006.01.31"]
[SourceVersion "1"]
[SourceVersionDate "2006.01.31"]
[SourceQuality "1"]
[WhiteTeam "Warsaw Polonia"]
[BlackTeam "Saransk"]
[WhiteTeamCountry "POL"]
[BlackTeamCountry "RUS"]

1. e4 e6 2. Nc3 d5 3. d4 Nf6 4. Bg5 dxe4 5. Nxe4 Be7 6. Bxf6 gxf6 7. Nf3 f5 8.
Nc3 a6 9. g3 b5 10. Bg2 Bb7 11. O-O c5 (11... Qd6 12. Ne5 Bxg2 13. Kxg2 O-O 14.
Qf3 Ra7 15. Rad1 c5 16. Qe3 b4 17. Ne2 Nc6 18. Nxc6 Qxc6+ 19. d5 exd5 20. Qf3
$36 {Timoshenko,G-Lupu,M/Bucharest 1993}) (11... O-O 12. Ne5 Bxg2 13. Kxg2 b4
14. Qf3 c6 15. Ne2 Qd5 16. Rfd1 Ra7 17. Nf4 Qxf3+ 18. Kxf3 Rc8 19. Rg1 Bd6 20.
g4 fxg4+ 21. Rxg4+ Kh8 22. Rag1 $14 {Tseshkovsky,V-Kovacevic,B/Borovo 2005})
12. d5 $5 (12. Ne2 O-O 13. c3 Nd7 14. Qd2 {[%cal Gd2h6]} Nf6 (14... Bf6 15.
Rad1 Qc7 16. Qh6 Bg7 17. Qh4 Rad8 18. Nf4 Nf6 $13) 15. Rad1 Qc7 16. dxc5 Qxc5
17. Qh6 {[%cal Gf3g5]} Ng4 $13 {Najer,E-Chebotarev,O/Kazan 2005}) (12. dxc5 $6
Qxd1 13. Rfxd1 Bxc5 14. Ne5 Ra7 15. Rd3 Bxg2 16. Kxg2 Ke7 17. Rad1 Rc8 18. Ne2
f6 19. Nf3 Nd7 20. Nf4 Ne5 $15 {Tseshkovsky,V-Chebotarev,O/Kazan 2005}) 12...
b4 13. dxe6 bxc3 (13... fxe6 14. Qe2 bxc3 15. Ne5 {[%csl Re8][%cal Ge2h5]}) 14.
exf7+ Kf8 (14... Kxf7 15. Ne5+ Kf6 16. Qh5 Bxg2 17. Qh6+ Kxe5 18. Rad1 $18) 15.
Qe2 cxb2 16. Rad1 Qb6 17. Rfe1 Qf6 (17... Be4 $2 18. Ng5 {[%csl Re7][%cal
Ge1e7]}) 18. c3 Be4 (18... Nc6 19. Qxb2 Rb8 20. Nh4 $36) 19. Nh4 Nc6 20. Bxe4
fxe4 21. Qxe4 Rd8 (21... Rb8 22. Rb1 Rb6 (22... Kxf7 23. Qd5+ Kf8 24. Re6) 23.
Nf5 Qxf7 24. Qf4 $40 {[%cal Gf4h6]}) 22. Rb1 Rd2 23. Nf3 Rd6 24. Rxb2 Kxf7 25.
Rb6 Ke8 26. Re3 Rf8 27. Qxh7 $18 Rf7 28. Qg8+ Rf8 29. Qc4 a5 (29... Ne5 30.
Rb8+ Rd8 31. Rxd8+ Kxd8 32. Nxe5 Qxf2+ 33. Kh1 Qxe3 34. Qd5+ Kc8 35. Qd7+ $18)
30. Kg2 Rf7 31. Qxc5 Kf8 (31... Re6 32. Rb8+ Nd8 (32... Bd8 33. Qxc6+) 33. Qb5+
Kf8 34. Rd3 Rd6 35. Ra8 $18) 32. Qh5 Kg8 33. Qg4+ Rg7 34. Qc4+ Rf7 35. Qg4+ Rg7
36. Qc8+ Bf8 37. Re8 Rg6 (37... Rf7 38. Qg4+ Rg7 39. Qe4 $18) 38. h4 (38. Nh4
Rg7 39. Rxc6 Rxc6 40. Rxf8+ Qxf8 41. Qxc6 $18) 38... Qf7 39. Rb7 Qf6 40. Ng5
Ne5 (40... Rd8 41. Qc7 Rg7 42. Qxg7+ Qxg7 43. Rxg7+ Kxg7 44. Ne6+ Kf7 45. Nxd8+
$18) 41. Rf7 1-0

[Event "EU-chT (Men) 15th"]
[Site "Gothenburg"]
[Date "2005.07.30"]
[Round "1.3"]
[White "Zelcic, Robert"]
[Black "Bareev, Evgeny"]
[Result "0-1"]
[WhiteElo "2522"]
[BlackElo "2688"]
[Annotator "Finkel,A"]
[PlyCount "98"]
[EventDate "2005.07.30"]
[EventType "team-swiss"]
[EventRounds "9"]
[EventCountry "SWE"]
[SourceTitle "CBM 109"]
[Source "ChessBase"]
[SourceDate "2005.11.14"]
[SourceVersion "1"]
[SourceVersionDate "2005.11.14"]
[SourceQuality "1"]
[WhiteTeam "Croatia"]
[BlackTeam "Russia"]
[WhiteTeamCountry "CRO"]
[BlackTeamCountry "RUS"]

1. e4 e6 2. d4 d5 3. Nc3 Nf6 4. Bg5 dxe4 5. Nxe4 Be7 6. Bxf6 Bxf6 7. Nf3 O-O 8.
Bc4 Nd7 9. Qe2 a6 10. O-O-O b5 11. Bb3 Bb7 12. d5 {White's previous play was
directed for this move, however it doesn't promise white any opening advantage
and white has to look in different direction to pose black opening problems in
this line.} exd5 (12... e5 $2 13. Rhe1 Be7 14. d6 cxd6 15. Nxd6 Bxd6 16. Rxd6
Bxf3 17. Qxf3 Ra7 18. Qe3 $16 {Kindermann,S-Roth,P/Vienna 1996}) 13. Bxd5 c6
14. Bb3 Qc7 15. Rhe1 (15. Kb1 a5 16. Qd3 Rad8 17. Neg5 Bxg5 $2 18. Nxg5 Nf6 19.
Bxf7+ Kh8 20. Qh3 Rxd1+ 21. Rxd1 $16 {Veresov,G-Gromek,J/Soviet Union 1955}) (
15. Nd6 Nc5 16. Rd2 a5 17. Qe3 Nxb3+ 18. cxb3 Rad8 19. Rhd1 Bc8 20. Nxc8 Qxc8
21. Rxd8 {1/2-1/2 Anand,V-Radjabov,T/Dubai 2002}) 15... c5 {In my comments to
the game Van den Doel-Mullon, 2003 I mentioned that black gets very
comfortable play after this move, despite of the loss he suffered back then.
Bareev easily proves that white is the one who has to be carefull to keep the
balance, since after an inevitable trades of major pieces over one of the
central files black bishop is destinied to dominate over white knight!} (15...
Be7 $2 16. Neg5 Bxg5+ 17. Nxg5 Nf6 18. Qe7 Qf4+ 19. Qe3 Qxe3+ 20. Rxe3 Nd5 21.
Bxd5 cxd5 22. Re7 $16 {Lutz,C-Dizdar,G/Austria 2002}) 16. Bd5 Bxd5 17. Rxd5 Be7
18. Kb1 Rae8 {[%cal Ge7d8,Gf7f5] Black is not interested to trade the knights
so he prepares a retreat of the bishop to d8 with idea to push f5.} (18... Nf6
19. Nxf6+ Bxf6 20. Qe3 Rac8 (20... c4 21. g4 g6 22. h4 Rfd8 23. Rxd8+ Rxd8 24.
c3 $13) 21. Ne5 Rfe8 $11 {Van den Doel,E-Mullon,J/France 2003}) (18... Nb6 19.
Re5 (19. Rh5 g6 20. Rh3 Nd5 21. g3 Qd7 $15) 19... Nc4 20. Rh5 Rad8 21. Nc3 Bd6
22. Nd5 $13) 19. Rd3 (19. Qd3 {[%csl Rd7][%cal Ge4g5]} Nb6 20. Rh5 f5 21. Nc3
g6 $13) 19... Bd8 20. Re3 Qc6 21. Qd3 {[%cal Ge4d6] Intending to come to d6.} (
21. Ng3 Rxe3 22. Qxe3 Nf6 $11) 21... Bc7 22. Nc3 Rxe3 23. Qxe3 Ba5 {The
position is about equal, but it's clear that black is an only one who fights
for the advantage.} 24. Re2 c4 25. Qe4 Qxe4 26. Nxe4 Re8 27. c3 Bb6 {[%csl Rf2]
} 28. Rd2 $5 (28. Nd4 Kf8 29. f3 Nc5 30. Nxc5 Bxc5 31. Rxe8+ Kxe8 32. Ne2 $11)
28... Rxe4 29. Rxd7 h6 30. Rd2 g5 31. Kc2 Rf4 {Black enjoys a symbolic edge,
but the position remains drawish for quite a while, despite of white's
inaccuracies.} 32. h3 f6 33. a4 $6 ({The simpliest way to a draw was} 33. Nd4
$142 {[%cal Gf2f3]} Bxd4 34. cxd4 b4 35. a3 a5 36. axb4 axb4 37. d5 Kf8 38. d6
Ke8 39. d7+ Kd8 40. f3 $11) 33... bxa4 34. Nd4 Kf7 35. g3 Re4 36. Nf5 Bc5 37.
Nxh6+ $6 (37. Nd6+ Bxd6 38. Rxd6 Re2+ 39. Rd2 Re1 40. Rd1 Rxd1 41. Kxd1 Ke6 42.
Ke2 Ke5 43. Ke3 f5 44. f3 $11) 37... Ke6 (37... Kg6 38. Ng4 f5 39. Nh2 a3 40.
bxa3 Bxa3 41. Nf3 $15) 38. Ng4 (38. Kd1 f5 39. g4 f4 40. Nf5 $15) 38... Re1 39.
Rd8 (39. Rd1 Rxd1 40. Kxd1 a3 41. bxa3 Bxa3 42. h4 gxh4 43. gxh4 Bc5 44. h5 Kf5
45. h6 Kg6 $15) 39... Re2+ 40. Kb1 $2 (40. Rd2) 40... f5 41. Re8+ Be7 42. Ne3
Rxf2 43. g4 (43. Nxc4 Rf3 44. g4 f4 45. Rh8 Kd5 $17) 43... Kd7 44. Ra8 f4 45.
Ra7+ Ke8 46. Nf5 Re2 47. Nd4 Re3 48. Nf5 Re1+ 49. Kc2 f3 0-1

[Event "Tilburg Fontys"]
[Site "Tilburg"]
[Date "1998.10.23"]
[Round "1"]
[White "Leko, Peter"]
[Black "Kortschnoj, Viktor Lvovich"]
[Result "1/2-1/2"]
[WhiteElo "2665"]
[BlackElo "2625"]
[Annotator "Finkel,A"]
[PlyCount "72"]
[EventDate "1998.10.23"]
[EventType "tourn"]
[EventRounds "11"]
[EventCountry "NED"]
[EventCategory "18"]
[SourceTitle "EXT 1999"]
[Source "ChessBase"]
[SourceDate "1998.11.16"]
[SourceVersion "1"]
[SourceVersionDate "1998.11.16"]
[SourceQuality "1"]

1. e4 e6 2. d4 d5 3. Nc3 Nf6 4. Bg5 dxe4 5. Nxe4 Nbd7 6. Nf3 Be7 7. Nxf6+ Bxf6
8. h4 O-O 9. Qd2 e5 10. Bxf6 Qxf6 11. O-O-O h6 $5 {This waiting move seems to
be stronger than immidiate 11...e:d4 that gave white better chanses in both
previous games played in this variation:} (11... exd4 $6 12. Qxd4 Qxd4 13. Rxd4
Nf6 (13... Re8 14. Bc4 Nb6 15. Re1 Bd7 16. Bb3 Rxe1+ 17. Nxe1 Kf8 18. Nd3 $14 {
Brodsky,M-Doroshkievich,V/Rostov op 1993/1-0 (100)}) 14. Bc4 a6 15. Re1 b5 16.
Bd5 Rb8 17. Bc6 Bb7 18. Bxb7 Rxb7 19. Re7 $14 {Morovic Fernandez,I-Nogueiras,J/
Capablanca mem-A 1996 (63)}) 12. Re1 ({Nothing promises also} 12. Qe3 exd4 13.
Rxd4 Nc5 14. Bc4 Be6 15. g4 $6 Bxc4 16. Rxc4 Rfe8 17. Qxc5 Qxf3 $15 {and black
even stands slighlty better;Gligoric,S-Porath,Y/Amsterdam izt 1964 (19)}) 12...
exd4 13. Qxd4 Qxd4 14. Nxd4 Nb6 $1 {Not permitting white to develop the bishop
to c4 from where it could cause black certain inconviniance.For example:} (
14... Nf6 15. Bc4 {[%cal Ge1e7]} Rd8 $1 16. Nf3 Kf8 {[%csl Re7]} 17. Re3 Bf5
18. Rhe1 $14) 15. Nb5 $5 {Taking the bishop is the only chanse to fight for
the advantage,but it's almost impossible to convert the minimal advantage into
somehing more serious against such an expert of the endgame as Victor
Kortscnoi.} (15. Bd3 Rd8 16. Nb3 Be6 (16... Nd5 17. Be4 Nf6 18. Bf3 Kf8 19. Rd1
$14) 17. Nc5 Bd5 18. Re7 Bxg2 (18... Kf8 19. Rxc7 Rac8 20. Rxc8 Rxc8 21. Ne4
Bxa2 22. Nd6 $14) 19. Rg1 Bc6 20. Ne6 $5 fxe6 21. Rgxg7+ Kh8 $1 $11) 15... c6
16. Nd6 Rd8 17. Bd3 Kf8 (17... Rxd6 $4 18. Re8#) 18. Nxc8 Raxc8 19. Bf5 $6 ({
Deserved attention} 19. Re4 $5 Re8 20. Rhe1 Rxe4 21. Rxe4 Re8 22. Rg4 $5 (22.
Kd2 Rxe4 23. Bxe4) 22... Nd7 $5 23. Ra4 a6 24. Rd4 Ne5 25. Be2 $14 {and white
still can fight for the advantage.}) 19... Rb8 {Intending to exchange the
rooks over the e-file.} 20. g3 Re8 21. c3 Rxe1+ 22. Rxe1 Re8 23. Rxe8+ Kxe8 24.
Kc2 Nc4 $1 $11 {After bringing the knight to d6 and putting the pawns on c5
and g5 the position will become absolutely balanced and even the symbolic
advantage that white keeps now will disappear.} 25. Bd3 (25. b4 Nd6 26. Bd3 b6
$11 {[%cal Gc6c5,Gg7g5]}) 25... Nd6 26. Kd2 c5 27. b4 (27. h5 Ke7 28. Ke3 Kf6
29. Kf4 b6 $11) 27... b6 28. Ke3 g5 {The very last touch-now white king
doesn't have the slightest chanse to penitrate and the draw is not far away.}
29. bxc5 bxc5 30. hxg5 hxg5 31. f4 (31. Kf3 Ke7 32. Kg4 f6 $11) 31... gxf4+ 32.
Kxf4 f6 33. Bc2 Ke7 34. Ba4 Kd8 35. g4 Kc7 36. Ke3 Kb6 1/2-1/2